The Pascal handbook /
Guardado en:
| Autor Principal: | |
|---|---|
| Formato: | Libro |
| Idioma: | English |
| Publicado: |
[Berkeley, Calif.] :
SYBEX,
c1981.
|
| Materias: | |
| Etiquetas: |
Agregar Etiqueta
Sin Etiquetas, Sea el primero en etiquetar este registro!
|
| LEADER | 00832cam a22002295a 4500 | ||
|---|---|---|---|
| 001 | EIQ.libpla000055 | ||
| 008 | 810910s1981####caua#####bf###000#0#eng#d | ||
| 005 | 20060829154030.0 | ||
| 245 | 1 | 4 | |a The Pascal handbook / |c Jacques Tiberghien. |
| 260 | |a [Berkeley, Calif.] : |b SYBEX, |c c1981. | ||
| 300 | |a xix, 473 p. : |b il. ; |c 23 cm. | ||
| 504 | |a Incluye referencias bibliograficas: (p. 473). | ||
| 020 | |a 0895880539 (pbk.) | ||
| 100 | 1 | |a Tiberghien, Jacques, |d 1946- | |
| 082 | 0 | 0 | |a 001.64/24 |2 19 |
| 650 | 4 | |a Pascal (Lenguaje programación de computadores) |x Teoría. | |
| 650 | 4 | |a Computadores |x Lenguajes de programación. | |
| 650 | 4 | |a Pascal (Computer program language) |x Theory. | |
| 650 | 4 | |a Computers |x Programming languages. | |
| 010 | |a 80053283 | ||
| 040 | |a DLC |c DLC |d AR-BbSID | ||
| 859 | |a AR-BbSID |b BIB. PLAPIQUI |h 001.642 |i T 432 |p 1940 | ||
